000 00251nam a22001097a 4500
008 131217t xxu||||| |||| 00| 0 eng d
020 _a0-00-616371-8
100 _aAgatha Christie
_9433
245 _aMrs. McGinty's Dead
300 _a000
942 _2ddc
_cBK
999 _c16704
_d16704